INTRASPECIES DIVERSITY OF RICINUS COMMUNIS L. IN BANGLADESH AND THEIR IN VITRO CONSERVATION / (Record no. 81832)
[ view plain ]
| 000 -LEADER | |
|---|---|
| fixed length control field | 00929nam a2200241 a 4500 |
| 001 - CONTROL NUMBER | |
| RUCL Control Number | 81832 |
| 003 - CONTROL NUMBER IDENTIFIER | |
| rucl marc code | BD-RjUL |
| 005 - DATE AND TIME OF LATEST TRANSACTION | |
| control field | 20230903121910.0 |
| 008 - FIXED-LENGTH DATA ELEMENTS--GENERAL INFORMATION | |
| fixed length control field | 230903s2013 bg a|||| m||| 00| 0 eng d |
| 035 ## - SYSTEM CONTROL NUMBER | |
| system control number | (BD-RjUL)81832 |
| 040 ## - CATALOGING SOURCE | |
| Original cataloging agency | BD-RjUL |
| Language of cataloging | eng |
| Transcribing agency | BD-RjUL |
| Modifying agency | BD-RjUL |
| 041 ## - LANGUAGE CODE | |
| Language code of Book | eng |
| 082 ## - DEWEY DECIMAL CLASSIFICATION NUMBER | |
| DDC Edition number | 23 |
| Classification number | 660.6 |
| Author mark and Year | RAI 2013 |
| 100 ## - MAIN ENTRY--PERSONAL NAME | |
| Personal name | RAHMAN, A. K. M. ABDUR |
| 9 (RLIN) | 8737 |
| 245 10 - TITLE STATEMENT | |
| Title | INTRASPECIES DIVERSITY OF RICINUS COMMUNIS L. IN BANGLADESH AND THEIR IN VITRO CONSERVATION / |
| Statement of responsibility, etc | A. K. M. ABDUR RAHMAN |
| Name of Supervisor/Co-Supervisor | Supervision : M A Bari Miah |
| 260 ## - PUBLICATION, DISTRIBUTION, ETC. (IMPRINT) | |
| Place of publication, distribution, etc | Rajshahi : |
| Name of publisher, distributor, etc | Institute of Biological Sciences,University of Rajshahi |
| Date of publication, distribution, etc | 2013 |
| 300 ## - PHYSICAL DESCRIPTION | |
| Pagination | [20], 337 leaves : |
| Other physical details | ill.; |
| Dimensions | 29 cm. |
| 502 ## - DISSERTATION NOTE | |
| Dissertation note | Thesis(Ph.D.)-- Institute of Biological Sciences,University of Rajshahi,2013 |
| 504 ## - BIBLIOGRAPHY, ETC. NOTE | |
| Bibliography, etc | References : Leaves 314-337 |
| 650 ## - SUBJECT ADDED ENTRY--TOPICAL TERM | |
| Topical term or geographic name as entry element | Chemical engineering |
| General subdivision | Biotechnology |
| 9 (RLIN) | 8738 |
| 700 ## - ADDED ENTRY--SUPERVISOR/CO-SUPERVISOR NAME | |
| Personal name | Miah, M A Bari, Supervision |
| 9 (RLIN) | 8739 |
| 942 ## - ADDED ENTRY ELEMENTS (KOHA) | |
| Source of classification or shelving scheme | Dewey Decimal Classification |
| Koha item type | Theses |
| Source of classification or shelving scheme | Damaged status | Not for loan | Collection code | Permanent Location | Current Location | Shelving location | Date of accession | Source of acquisition | Total Checkouts | Full call number | Barcode | Date last seen | Copy number | Thesis |
|---|---|---|---|---|---|---|---|---|---|---|---|---|---|---|
| Dewey Decimal Classification | Not For Loan | Theses | Central Library, University of Rajshahi | Central Library, University of Rajshahi | Documentation Section | 15/12/2014 | Controller of Exam. R.U. | THE 660.6 RAI 2013 | D3704 | 03/09/2023 | C-1 | Theses |